| 000 | 01167nam a2200301 i 4500 | ||
|---|---|---|---|
| 003 | IT-RoINE | ||
| 005 | 20190614084826.0 | ||
| 008 | 150630s2015 sp a r 001 | spa d | ||
| 020 | _a9788435026413 (obra completa) | ||
| 040 |
_aSpMaBN _cSpMaBN IT-RoINE |
||
| 100 | 1 |
_aFradera, Josep Maria _917190 |
|
| 245 | 1 | 3 |
_aLa nación imperial : _bderechos, representación y ciudadanía en los imperios de Gran Bretaña, Francia, España y Estados Unidos (1750-1918) / _cJosep M. Fradera. |
| 260 |
_aBarcelona : _bEdhasa, _c2015. |
||
| 300 |
_a2 v. (XLV, 1376 p., [16] p. de lám.) : _bil. col. ; _c23 cm. |
||
| 336 |
_aTexto (visual) _2isbdcontent |
||
| 337 |
_2rdamedia _aunmediated |
||
| 338 |
_2rdacarrier _avolume |
||
| 490 | 1 | _aEnsayo histórico | |
| 504 | _aIncluye referencias bibliográficas e índice. | ||
| 651 | 4 |
_aGran Bretaña _xColonias _922976 |
|
| 651 | 4 |
_aFrancia _xColonias _922977 |
|
| 651 | 4 |
_aEspaña _xColonias _xHistoria _912641 |
|
| 651 | 4 |
_aEstados Unidos _xColonias _922978 |
|
| 650 | 4 |
_922975 _aImperialismo _xHistoria _vHistoria |
|
| 650 | 7 |
_922974 _aDerechos políticos _vHistoria |
|
| 830 | 1 |
_918464 _aEnsayo histórico (Edhasa) |
|
| 942 | _cMTS | ||
| 999 |
_c11238 _d11238 |
||